[Event "GER-ch Rapid Women 2020"]
[Site "Plochingen"]
[Date "2020.09.19"]
[Round "3.5"]
[White "Skibbe, Diana"]
[Black "Mader, Lena"]
[Result "0-1"]
[WhiteElo "1991"]
[BlackElo "1839"]
[Annotator "NA"]
[PlyCount "140"]
[EventDate "2020.09.19"]
[EventType "swiss"]
[EventCountry "GER"]
[SourceTitle "playchess.com"]
[Source "ChessBase"]
[SourceQuality "1"]
[TimeControl "900+10"]

1. e4 {[%emt 0:00:00]} c6 {[%emt 0:00:00]} 2. d4 {[%emt 0:00:00]} d5 {[%emt 0:00:00]} 3. Nc3 {[%emt 0:00:00]} dxe4 {[%emt 0:00:00]} 4. Nxe4 {[%emt 0:00:00]} Nf6 {[%emt 0:00:00]} 5. Nxf6+ {[%emt 0:00:01]} exf6 {[%emt 0:00:00]} 6. Nf3 {[%emt 0:00:14]} Bd6 {[%emt 0:00:00]} 7. Be3 {[%emt 0:00:13]} O-O {[%emt 0:00:01]} 8. Qd2 {[%emt 0:00:20]} Be6 {[%emt 0:00:50]} 9. Bd3 {[%emt 0:00:08]} Re8 {[%emt 0:00:24]} 10. O-O {[%emt 0:00:08]} Nd7 {[%emt 0:00:03]} 11. c4 {[%emt 0:00:28]} Nf8 {[%emt 0:00:24]} 12. Rac1 {[%emt 0:00:33]} Ng6 {[%emt 0:00:28]} 13. h3 {[%emt 0:00:20]} a5 {[%emt 0:05:42]} 14. d5 {[%emt 0:01:08]} cxd5 {[%emt 0:00:18]} 15. c5 {[%emt 0:00:01]} Be5 {[%emt 0:00:54]} 16. Bb5 {[%emt 0:01:01]} Re7 {[%emt 0:01:09]} 17. a4 {[%emt 0:00:22]} f5 {[%emt 0:01:40]} 18. Rfd1 {[%emt 0:00:32]} f4 {[%emt 0:00:58]} 19. Nxe5 {[%emt 0:01:17]} fxe3 {[%emt 0:00:19]} 20. Qxe3 {[%emt 0:00:03]} Nxe5 {[%emt 0:00:08]} 21. Qxe5 {[%emt 0:00:10]} Bg4 {[%emt 0:01:07]} 22. Qxd5 {[%emt 0:00:10]} Bxd1 {[%emt 0:00:05]} 23. Rxd1 {[%emt 0:00:00]} Qxd5 {[%emt 0:00:14]} 24. Rxd5 {[%emt 0:00:02]} h6 {[%emt 0:00:07]} 25. Kf1 {[%emt 0:00:26]} Rc7 {[%emt 0:00:33]} 26. Bc4 {[%emt 0:02:52]} Kf8 {[%emt 0:00:32]} 27. b3 {[%emt 0:00:05]} f6 {[%emt 0:01:47]} 28. Ke2 {[%emt 0:00:31]} Ke7 {[%emt 0:00:08]} 29. Ke3 {[%emt 0:00:26]} Rd8 {[%emt 0:00:21]} 30. Rh5 {[%emt 0:01:25]} Rd1 {[%emt 0:00:38]} 31. g3 {[%emt 0:00:22]} Rcd7 {[%emt 0:00:16]} 32. c6 {[%emt 0:00:24]} bxc6 {[%emt 0:00:01]} 33. Rxa5 {[%emt 0:00:02]} Re1+ {[%emt 0:00:09]} 34. Kf3 {[%emt 0:00:07]} Re5 {[%emt 0:00:21]} 35. Ra6 {[%emt 0:00:15]} Rc5 {[%emt 0:00:27]} 36. Ra8 {[%emt 0:00:04]} Kd6 {[%emt 0:00:06]} 37. a5 {[%emt 0:00:10]} Ke5 {[%emt 0:00:19]} 38. a6 {[%emt 0:00:23]} Kd4 {[%emt 0:00:09]} 39. Re8 {[%emt 0:00:11]} Ra5 {[%emt 0:00:11]} 40. Re1 {[%emt 0:00:14]} Kc5 {[%emt 0:00:12]} 41. Re2 {[%emt 0:00:16]} Kb6 {[%emt 0:00:02]} 42. Kf4 {[%emt 0:00:08]} Ka7 {[%emt 0:00:02]} 43. Re6 {[%emt 0:00:11]} Rc5 {[%emt 0:00:03]} 44. Ke4 {[%emt 0:00:13]} Kb6 {[%emt 0:00:11]} 45. f4 {[%emt 0:00:06]} Ra7 {[%emt 0:00:08]} 46. g4 {[%emt 0:00:04]} Ra5 {[%emt 0:00:04]} 47. Kd4 {[%emt 0:00:43]} Ra1 {[%emt 0:00:02]} 48. h4 {[%emt 0:00:32]} Rg1 {[%emt 0:00:07]} 49. Be2 {[%emt 0:00:04]} Re1 {[%emt 0:00:11]} 50. f5 {[%emt 0:00:49]} Rd7+ {[%emt 0:00:12]} 51. Ke3 {[%emt 0:00:21]} Ra1 {[%emt 0:00:06]} 52. Bf3 {[%emt 0:00:54]} Rc1 {[%emt 0:00:06]} 53. Be2 {[%emt 0:00:06]} Rc5 {[%emt 0:00:03]} 54. b4 {[%emt 0:00:08]} Rc3+ {[%emt 0:00:14]} 55. Kf2 {[%emt 0:00:15]} Ka7 {[%emt 0:00:15]} 56. Re4 {[%emt 0:00:43]} Rc2 {[%emt 0:00:05]} 57. Kf3 {[%emt 0:00:18]} Rcd2 {[%emt 0:00:09]} 58. Ke3 {[%emt 0:00:13]} R2d5 {[%emt 0:00:06]} 59. Rc4 {[%emt 0:00:16]} Re5+ {[%emt 0:00:06]} 60. Kf3 {[%emt 0:00:16]} Rd6 {[%emt 0:00:06]} 61. Rc2 {[%emt 0:00:14]} Red5 {[%emt 0:00:07]} 62. Ke3 {[%emt 0:00:13]} Re5+ {[%emt 0:00:09]} 63. Kf2 {[%emt 0:00:10]} Kb6 {[%emt 0:00:07]} 64. Ra2 {[%emt 0:00:14]} Ka7 {[%emt 0:00:01]} 65. Rc2 {[%emt 0:00:16]} Re4 {[%emt 0:00:33]} 66. Rb2 {[%emt 0:00:43]} Rdd4 {[%emt 0:00:18]} 67. b5 {[%emt 0:00:15]} cxb5 {[%emt 0:00:04]} 68. Rxb5 {[%emt 0:00:06]} Re7 {[%emt 0:00:05]} 69. Rc5 {[%emt 0:00:08]} Rd2 {[%emt 0:00:05]} 70. Kf3 {[%emt 0:00:14]} Rdxe2 {[%emt 0:00:07]} 0-1

[Event "GER-ch Rapid Women 2020"]
[Site "Plochingen"]
[Date "2020.09.19"]
[Round "3.6"]
[White "Gheng, Simona"]
[Black "Noll, Sonja"]
[Result "1-0"]
[WhiteElo "2014"]
[BlackElo "1783"]
[Annotator "ChessBase"]
[PlyCount "49"]
[EventDate "2020.09.19"]
[EventType "swiss"]
[EventCountry "GER"]
[SourceTitle "playchess.com"]
[Source "ChessBase"]
[SourceQuality "1"]
[TimeControl "900+10"]

1. e4 {[%emt 0:00:00]} Nf6 {[%emt 0:00:00]} 2. e5 {[%emt 0:00:00]} Nd5 {[%emt 0:00:00]} 3. d4 {[%emt 0:00:00]} Nb6 {[%emt 0:00:00]} 4. Nf3 {[%emt 0:00:12]} d6 {[%emt 0:00:00]} 5. exd6 {[%emt 0:00:02]} cxd6 {[%emt 0:00:00]} 6. c3 {[%emt 0:00:03]} g6 {[%emt 0:00:03]} 7. Bd3 {[%emt 0:00:07]} Bg7 {[%emt 0:00:02]} 8. O-O {[%emt 0:00:03]} O-O {[%emt 0:00:02]} 9. Re1 {[%emt 0:00:07]} N8d7 {[%emt 0:01:11]} 10. Bg5 {[%emt 0:00:39]} h6 {[%emt 0:00:20]} 11. Bxe7 {[%emt 0:00:04]} Qc7 {[%emt 0:00:10]} 12. Bxf8 {[%emt 0:00:02]} Nxf8 {[%emt 0:00:01]} 13. Nbd2 {[%emt 0:00:10]} Be6 {[%emt 0:00:20]} 14. Ne4 {[%emt 0:00:28]} Nfd7 {[%emt 0:00:16]} 15. Ng3 {[%emt 0:00:07]} Nd5 {[%emt 0:00:23]} 16. Bxg6 {[%emt 0:00:14]} Nf4 {[%emt 0:00:37]} 17. Bf5 {[%emt 0:00:13]} Bd5 {[%emt 0:00:19]} 18. Re7 {[%emt 0:01:32]} Rd8 {[%emt 0:00:20]} 19. Bxd7 {[%emt 0:00:31]} Rxd7 {[%emt 0:00:02]} 20. Re8+ {[%emt 0:00:02]} Bf8 {[%emt 0:00:04]} 21. Qd2 {[%emt 0:00:33]} Ng6 {[%emt 0:00:19]} 22. Qxh6 {[%emt 0:00:15]} Bxf3 {[%emt 0:00:03]} 23. Nf5 {[%emt 0:00:21]} f6 {[%emt 0:00:13]} 24. Qxg6+ {[%emt 0:00:13]} Rg7 {[%emt 0:00:01]} 25. Nh6+ {[%emt 0:00:06]} 1-0

[Event "GER-ch Rapid Women 2020"]
[Site "Plochingen"]
[Date "2020.09.19"]
[Round "4.1"]
[White "Paehtz, Elisabeth"]
[Black "Muetsch, Annmarie"]
[Result "1/2-1/2"]
[WhiteElo "2472"]
[BlackElo "2226"]
[Annotator "ChessBase"]
[PlyCount "97"]
[EventDate "2020.09.19"]
[EventType "swiss"]
[EventCountry "GER"]
[SourceTitle "playchess.com"]
[Source "ChessBase"]
[SourceQuality "1"]
[TimeControl "900+10"]

1. d4 {[%emt 0:00:00]} Nf6 {[%emt 0:00:00]} 2. Nf3 {[%emt 0:00:00]} d6 {[%emt 0:00:05]} 3. Bg5 {[%emt 0:00:12]} Nbd7 {[%emt 0:00:05]} 4. c3 {[%emt 0:00:22]} c6 {[%emt 0:00:57]} 5. Nbd2 {[%emt 0:00:03]} Qc7 {[%emt 0:00:26]} 6. e4 {[%emt 0:00:15]} g6 {[%emt 0:00:17]} 7. Bd3 {[%emt 0:00:11]} Bg7 {[%emt 0:00:08]} 8. O-O {[%emt 0:00:09]} O-O {[%emt 0:00:12]} 9. Re1 {[%emt 0:00:18]} e5 {[%emt 0:00:26]} 10. a4 {[%emt 0:00:17]} h6 {[%emt 0:00:35]} 11. Bh4 {[%emt 0:00:02]} b6 {[%emt 0:01:45]} 12. Bf1 {[%emt 0:00:39]} a6 {[%emt 0:02:36]} 13. Nc4 {[%emt 0:01:22]} g5 {[%emt 0:01:57]} 14. dxe5 {[%emt 0:00:44]} dxe5 {[%emt 0:00:24]} 15. Bg3 {[%emt 0:00:04]} Nh5 {[%emt 0:01:13]} 16. Bxe5 {[%emt 0:02:59]} Nxe5 {[%emt 0:00:06]} 17. Nfxe5 {[%emt 0:00:02]} Nf4 {[%emt 0:00:13]} 18. Nd3 {[%emt 0:00:13]} Nxd3 {[%emt 0:01:24]} 19. Qxd3 {[%emt 0:00:08]} Be6 {[%emt 0:00:16]} 20. Ne3 {[%emt 0:02:02]} Be5 {[%emt 0:00:29]} 21. g3 {[%emt 0:00:07]} b5 {[%emt 0:00:40]} 22. Qe2 {[%emt 0:00:25]} Kh7 {[%emt 0:00:42]} 23. axb5 {[%emt 0:03:00]} axb5 {[%emt 0:00:05]} 24. Qh5 {[%emt 0:00:13]} b4 {[%emt 0:01:37]} 25. cxb4 {[%emt 0:00:48]} Rxa1 {[%emt 0:00:19]} 26. Rxa1 {[%emt 0:00:01]} Bxb2 {[%emt 0:00:06]} 27. Rb1 {[%emt 0:00:06]} Bd4 {[%emt 0:00:17]} 28. Ng4 {[%emt 0:00:26]} Bxg4 {[%emt 0:00:22]} 29. Qxg4 {[%emt 0:00:01]} Qe5 {[%emt 0:00:07]} 30. Qf3 {[%emt 0:00:59]} Kg7 {[%emt 0:00:23]} 31. Bh3 {[%emt 0:01:52]} Ra8 {[%emt 0:00:11]} 32. Qe2 {[%emt 0:00:09]} Ra1 {[%emt 0:00:31]} 33. Rxa1 {[%emt 0:00:02]} Bxa1 {[%emt 0:00:02]} 34. Qc4 {[%emt 0:00:46]} Qd4 {[%emt 0:00:41]} 35. Qxd4+ {[%emt 0:01:20]} Bxd4 {[%emt 0:00:02]} 36. Bd7 {[%emt 0:00:01]} Bc3 {[%emt 0:00:04]} 37. Bxc6 {[%emt 0:00:02]} Bxb4 {[%emt 0:00:01]} 38. Kg2 {[%emt 0:00:04]} Bd6 {[%emt 0:00:20]} 39. Kf3 {[%emt 0:00:09]} Kf6 {[%emt 0:00:02]} 40. Kg4 {[%emt 0:00:13]} Kg6 {[%emt 0:00:40]} 41. f4 {[%emt 0:00:08]} h5+ {[%emt 0:00:23]} 42. Kf3 {[%emt 0:00:01]} f6 {[%emt 0:00:02]} 43. Be8+ {[%emt 0:00:09]} Kh6 {[%emt 0:00:01]} 44. Bf7 {[%emt 0:00:38]} Bc7 {[%emt 0:00:06]} 45. h3 {[%emt 0:00:06]} Bd6 {[%emt 0:00:08]} 46. Be8 {[%emt 0:00:04]} Bc7 {[%emt 0:00:01]} 47. Ke3 {[%emt 0:00:26]} h4 {[%emt 0:00:26]} 48. fxg5+ {[%emt 0:00:05]} Kxg5 {[%emt 0:00:07]} 49. g4 {[%emt 0:00:09]} 1/2-1/2

[Event "GER-ch Rapid Women 2020"]
[Site "Plochingen"]
[Date "2020.09.19"]
[Round "4.2"]
[White "Stangl, Anita"]
[Black "Papp, Sarah"]
[Result "0-1"]
[WhiteElo "2005"]
[BlackElo "2327"]
[Annotator "ChessBase"]
[PlyCount "72"]
[EventDate "2020.09.19"]
[EventType "swiss"]
[EventCountry "GER"]
[SourceTitle "playchess.com"]
[Source "ChessBase"]
[SourceQuality "1"]
[TimeControl "900+10"]

1. e4 {[%emt 0:00:00]} e6 {[%emt 0:00:00]} 2. Nf3 {[%emt 0:00:00]} d5 {[%emt 0:00:11]} 3. Nc3 {[%emt 0:00:00]} d4 {[%emt 0:00:25]} 4. Ne2 {[%emt 0:00:00]} c5 {[%emt 0:00:03]} 5. c3 {[%emt 0:00:00]} Nc6 {[%emt 0:01:01]} 6. cxd4 {[%emt 0:00:29]} cxd4 {[%emt 0:00:02]} 7. Qa4 {[%emt 0:00:07]} Bc5 {[%emt 0:00:11]} 8. b4 {[%emt 0:00:47]} Bb6 {[%emt 0:01:48]} 9. b5 {[%emt 0:00:34]} Nce7 {[%emt 0:00:08]} 10. Nexd4 {[%emt 0:00:41]} e5 {[%emt 0:00:53]} 11. Nb3 {[%emt 0:00:23]} Nf6 {[%emt 0:02:04]} 12. Nxe5 {[%emt 0:00:58]} O-O {[%emt 0:00:10]} 13. Bb2 {[%emt 0:00:14]} Ng6 {[%emt 0:01:33]} 14. Nxg6 {[%emt 0:00:23]} hxg6 {[%emt 0:00:02]} 15. Be2 {[%emt 0:01:50]} Re8 {[%emt 0:00:43]} 16. d3 {[%emt 0:00:10]} Ng4 {[%emt 0:01:30]} 17. Bd4 {[%emt 0:04:19]} Be6 {[%emt 0:01:07]} 18. Bxb6 {[%emt 0:01:46]} axb6 {[%emt 0:01:45]} 19. Qb4 {[%emt 0:00:12]} Qh4 {[%emt 0:00:55]} 20. Bxg4 {[%emt 0:00:33]} Bxg4 {[%emt 0:00:05]} 21. h3 {[%emt 0:00:33]} Rad8 {[%emt 0:00:35]} 22. Qc3 {[%emt 0:00:24]} f5 {[%emt 0:00:41]} 23. Nd2 {[%emt 0:00:44]} Re7 {[%emt 0:01:26]} 24. e5 {[%emt 0:00:46]} f4 {[%emt 0:00:21]} 25. Qc4+ {[%emt 0:00:11]} Be6 {[%emt 0:00:13]} 26. Qb4 {[%emt 0:00:02]} Bd5 {[%emt 0:00:34]} 27. O-O {[%emt 0:01:59]} Bxg2 {[%emt 0:00:04]} 28. Kxg2 {[%emt 0:00:22]} f3+ {[%emt 0:00:02]} 29. Nxf3 {[%emt 0:00:09]} Qxb4 {[%emt 0:00:01]} 30. d4 {[%emt 0:00:02]} Qxb5 {[%emt 0:00:15]} 31. Rab1 {[%emt 0:00:01]} Qd5 {[%emt 0:00:03]} 32. Rb3 {[%emt 0:00:15]} Rf8 {[%emt 0:00:03]} 33. Kg3 {[%emt 0:00:02]} Rxf3+ {[%emt 0:00:18]} 34. Rxf3 {[%emt 0:00:03]} Qxd4 {[%emt 0:00:02]} 35. Rc1 {[%emt 0:00:13]} Qxe5+ {[%emt 0:00:03]} 36. Kg2 {[%emt 0:00:00]} Qg5+ {[%emt 0:00:03]} 0-1

[Event "GER-ch Rapid Women 2020"]
[Site "Plochingen"]
[Date "2020.09.19"]
[Round "4.3"]
[White "Frey, Alisa"]
[Black "Osmanodja, Filiz"]
[Result "1-0"]
[WhiteElo "2087"]
[BlackElo "2256"]
[Annotator "ChessBase"]
[PlyCount "157"]
[EventDate "2020.09.19"]
[EventType "swiss"]
[EventCountry "GER"]
[SourceTitle "playchess.com"]
[Source "ChessBase"]
[SourceQuality "1"]
[TimeControl "900+10"]

1. e4 {[%emt 0:00:00]} e5 {[%emt 0:00:00]} 2. Nf3 {[%emt 0:00:00]} Nc6 {[%emt 0:00:00]} 3. Bb5 {[%emt 0:00:00]} a6 {[%emt 0:00:00]} 4. Ba4 {[%emt 0:00:00]} Nf6 {[%emt 0:00:00]} 5. O-O {[%emt 0:00:00]} b5 {[%emt 0:00:01]} 6. Bb3 {[%emt 0:00:01]} Be7 {[%emt 0:00:02]} 7. Re1 {[%emt 0:00:04]} d6 {[%emt 0:00:03]} 8. c3 {[%emt 0:00:04]} O-O {[%emt 0:00:03]} 9. h3 {[%emt 0:00:05]} Nb8 {[%emt 0:00:19]} 10. d4 {[%emt 0:00:06]} Nbd7 {[%emt 0:00:01]} 11. Nbd2 {[%emt 0:00:07]} Bb7 {[%emt 0:00:01]} 12. a4 {[%emt 0:00:49]} c5 {[%emt 0:00:15]} 13. d5 {[%emt 0:00:16]} c4 {[%emt 0:00:23]} 14. Bc2 {[%emt 0:00:05]} Nc5 {[%emt 0:00:02]} 15. Nf1 {[%emt 0:00:17]} Nfd7 {[%emt 0:00:06]} 16. Ng3 {[%emt 0:00:12]} g6 {[%emt 0:00:05]} 17. Bh6 {[%emt 0:00:43]} Re8 {[%emt 0:00:01]} 18. Nh2 {[%emt 0:00:23]} Bg5 {[%emt 0:04:52]} 19. Bxg5 {[%emt 0:00:21]} Qxg5 {[%emt 0:00:02]} 20. Qg4 {[%emt 0:00:32]} Qxg4 {[%emt 0:01:06]} 21. Nxg4 {[%emt 0:00:02]} h5 {[%emt 0:00:02]} 22. Ne3 {[%emt 0:00:45]} h4 {[%emt 0:00:10]} 23. Ne2 {[%emt 0:01:00]} Nd3 {[%emt 0:01:09]} 24. Reb1 {[%emt 0:00:02]} N7c5 {[%emt 0:00:10]} 25. f3 {[%emt 0:01:17]} Rf8 {[%emt 0:01:35]} 26. Nc1 {[%emt 0:02:46]} f5 {[%emt 0:00:39]} 27. b4 {[%emt 0:00:20]} Nxc1 {[%emt 0:04:36]} 28. bxc5 {[%emt 0:00:26]} Ne2+ {[%emt 0:00:13]} 29. Kf2 {[%emt 0:00:13]} Nxc3 {[%emt 0:00:05]} 30. c6 {[%emt 0:00:05]} Bc8 {[%emt 0:00:24]} 31. Rb2 {[%emt 0:01:48]} Nxa4 {[%emt 0:02:07]} 32. Bxa4 {[%emt 0:00:31]} c3 {[%emt 0:00:02]} 33. Rb3 {[%emt 0:01:24]} bxa4 {[%emt 0:00:07]} 34. Rxa4 {[%emt 0:00:03]} fxe4 {[%emt 0:00:21]} 35. Rxe4 {[%emt 0:00:22]} Bf5 {[%emt 0:01:15]} 36. Nxf5 {[%emt 0:00:09]} gxf5 {[%emt 0:00:08]} 37. Rxh4 {[%emt 0:00:15]} Kg7 {[%emt 0:00:28]} 38. Rc4 {[%emt 0:01:27]} a5 {[%emt 0:00:06]} 39. Rcxc3 {[%emt 0:00:31]} a4 {[%emt 0:00:07]} 40. Rb7+ {[%emt 0:00:01]} Kf6 {[%emt 0:00:22]} 41. Ra3 {[%emt 0:00:05]} Rfd8 {[%emt 0:00:03]} 42. Ke3 {[%emt 0:01:04]} Ra5 {[%emt 0:00:02]} 43. g4 {[%emt 0:00:49]} Rxd5 {[%emt 0:00:13]} 44. Rxa4 {[%emt 0:00:20]} f4+ {[%emt 0:00:10]} 45. Ke2 {[%emt 0:00:31]} Rc5 {[%emt 0:00:12]} 46. Ra6 {[%emt 0:01:00]} Rc8 {[%emt 0:00:12]} 47. Rbb6 {[%emt 0:01:02]} Rc7 {[%emt 0:00:10]} 48. h4 {[%emt 0:00:07]} d5 {[%emt 0:00:08]} 49. Kd3 {[%emt 0:00:15]} Rc1 {[%emt 0:00:14]} 50. Kd2 {[%emt 0:00:08]} Rc5 {[%emt 0:00:11]} 51. Kd3 {[%emt 0:00:01]} Rc1 {[%emt 0:00:01]} 52. Kd2 {[%emt 0:00:00]} Rc4 {[%emt 0:00:01]} 53. Kd3 {[%emt 0:00:05]} Rd4+ {[%emt 0:00:02]} 54. Ke2 {[%emt 0:00:08]} e4 {[%emt 0:00:06]} 55. fxe4 {[%emt 0:00:10]} dxe4 {[%emt 0:00:37]} 56. Rb7 {[%emt 0:00:03]} f3+ {[%emt 0:00:09]} 57. Ke3 {[%emt 0:00:27]} Rd3+ {[%emt 0:00:17]} 58. Kxe4 {[%emt 0:00:02]} f2 {[%emt 0:00:02]} 59. Ra1 {[%emt 0:00:04]} Rxb7 {[%emt 0:00:18]} 60. Kxd3 {[%emt 0:00:08]} Rb3+ {[%emt 0:00:11]} 61. Kc4 {[%emt 0:00:11]} Rb2 {[%emt 0:00:11]} 62. Kc5 {[%emt 0:00:11]} Ke6 {[%emt 0:00:08]} 63. h5 {[%emt 0:00:09]} Rc2+ {[%emt 0:00:05]} 64. Kb6 {[%emt 0:00:03]} Ra2 {[%emt 0:00:16]} 65. Rc1 {[%emt 0:00:16]} Kd6 {[%emt 0:00:08]} 66. Rd1+ {[%emt 0:00:03]} Ke7 {[%emt 0:00:03]} 67. c7 {[%emt 0:00:12]} Rb2+ {[%emt 0:00:02]} 68. Kc6 {[%emt 0:00:05]} Rc2+ {[%emt 0:00:11]} 69. Kb7 {[%emt 0:00:02]} Rb2+ {[%emt 0:00:12]} 70. Kc8 {[%emt 0:00:02]} Rb4 {[%emt 0:00:23]} 71. g5 {[%emt 0:00:07]} Rb5 {[%emt 0:00:05]} 72. g6 {[%emt 0:00:09]} Rxh5 {[%emt 0:00:05]} 73. Rf1 {[%emt 0:00:04]} Rf5 {[%emt 0:00:21]} 74. g7 {[%emt 0:00:05]} Kf7 {[%emt 0:00:07]} 75. Kb7 {[%emt 0:00:08]} Rb5+ {[%emt 0:00:09]} 76. Kc6 {[%emt 0:00:02]} Rb2 {[%emt 0:00:14]} 77. c8=Q {[%emt 0:00:05]} Rc2+ {[%emt 0:00:02]} 78. Kb7 {[%emt 0:00:01]} Rb2+ {[%emt 0:00:07]} 79. Ka6 {[%emt 0:00:03]} 1-0

[Event "GER-ch Rapid Women 2020"]
[Site "Plochingen"]
[Date "2020.09.19"]
[Round "4.4"]
[White "Mader, Lena"]
[Black "Gheng, Simona"]
[Result "0-1"]
[WhiteElo "1839"]
[BlackElo "2014"]
[Annotator "ChessBase"]
[PlyCount "66"]
[EventDate "2020.09.19"]
[EventType "swiss"]
[EventCountry "GER"]
[SourceTitle "playchess.com"]
[Source "ChessBase"]
[SourceQuality "1"]
[TimeControl "900+10"]

1. c4 {[%emt 0:00:00]} e6 {[%emt 0:00:00]} 2. Nc3 {[%emt 0:00:37]} d5 {[%emt 0:00:00]} 3. e3 {[%emt 0:00:07]} Nf6 {[%emt 0:00:00]} 4. Nf3 {[%emt 0:00:02]} Be7 {[%emt 0:00:10]} 5. b3 {[%emt 0:00:05]} O-O {[%emt 0:00:03]} 6. Be2 {[%emt 0:00:05]} c5 {[%emt 0:00:04]} 7. cxd5 {[%emt 0:00:15]} exd5 {[%emt 0:00:02]} 8. d4 {[%emt 0:00:09]} b6 {[%emt 0:00:02]} 9. O-O {[%emt 0:00:06]} Bb7 {[%emt 0:00:01]} 10. Bb2 {[%emt 0:00:16]} Nbd7 {[%emt 0:00:27]} 11. dxc5 {[%emt 0:00:56]} bxc5 {[%emt 0:00:02]} 12. Rc1 {[%emt 0:00:15]} Rc8 {[%emt 0:00:01]} 13. h3 {[%emt 0:00:43]} Nb6 {[%emt 0:00:38]} 14. Nh2 {[%emt 0:00:44]} d4 {[%emt 0:01:15]} 15. exd4 {[%emt 0:00:23]} cxd4 {[%emt 0:00:01]} 16. Nb5 {[%emt 0:00:13]} Rxc1 {[%emt 0:00:10]} 17. Bxc1 {[%emt 0:00:46]} Qd5 {[%emt 0:00:10]} 18. Bf3 {[%emt 0:00:23]} Qxb5 {[%emt 0:00:02]} 19. Bxb7 {[%emt 0:00:03]} Rd8 {[%emt 0:00:11]} 20. Bf3 {[%emt 0:00:29]} d3 {[%emt 0:00:19]} 21. Ng4 {[%emt 0:00:59]} Nxg4 {[%emt 0:01:12]} 22. Bxg4 {[%emt 0:00:04]} Nd5 {[%emt 0:00:16]} 23. a4 {[%emt 0:02:53]} Qa6 {[%emt 0:00:18]} 24. Bd2 {[%emt 0:00:27]} Bb4 {[%emt 0:00:23]} 25. Re1 {[%emt 0:00:49]} g6 {[%emt 0:01:12]} 26. Bf3 {[%emt 0:00:53]} Nc3 {[%emt 0:00:38]} 27. Bxc3 {[%emt 0:00:28]} Bxc3 {[%emt 0:00:01]} 28. Re3 {[%emt 0:00:13]} Bd4 {[%emt 0:00:12]} 29. Re7 {[%emt 0:00:35]} Qb6 {[%emt 0:00:50]} 30. Kh1 {[%emt 0:04:24]} Bxf2 {[%emt 0:00:17]} 31. Rb7 {[%emt 0:00:09]} Qe3 {[%emt 0:00:14]} 32. Qa1 {[%emt 0:00:36]} d2 {[%emt 0:00:13]} 33. Rc7 {[%emt 0:00:27]} Qe1+ {[%emt 0:00:05]} 0-1

[Event "GER-ch Rapid Women 2020"]
[Site "Plochingen"]
[Date "2020.09.19"]
[Round "4.5"]
[White "Zeller, Elisa"]
[Black "Mundt, Alexandra"]
[Result "1-0"]
[WhiteElo "1969"]
[BlackElo "1786"]
[Annotator "ChessBase"]
[PlyCount "46"]
[EventDate "2020.09.19"]
[EventType "swiss"]
[EventCountry "GER"]
[SourceTitle "playchess.com"]
[Source "ChessBase"]
[SourceQuality "1"]
[TimeControl "900+10"]

1. e4 {[%emt 0:00:00]} g6 {[%emt 0:00:00]} 2. d4 {[%emt 0:00:00]} Bg7 {[%emt 0:00:00]} 3. Nf3 {[%emt 0:00:00]} e6 {[%emt 0:00:00]} 4. Be2 {[%emt 0:00:07]} Ne7 {[%emt 0:00:02]} 5. O-O {[%emt 0:00:10]} O-O {[%emt 0:00:38]} 6. Nc3 {[%emt 0:00:13]} d5 {[%emt 0:00:15]} 7. e5 {[%emt 0:00:58]} Nf5 {[%emt 0:02:05]} 8. Bg5 {[%emt 0:01:17]} Qd7 {[%emt 0:00:32]} 9. Qd2 {[%emt 0:02:08]} Nc6 {[%emt 0:01:56]} 10. Bb5 {[%emt 0:02:47]} a6 {[%emt 0:00:03]} 11. Bxc6 {[%emt 0:00:02]} Qxc6 {[%emt 0:00:03]} 12. g4 {[%emt 0:00:04]} h6 {[%emt 0:05:51]} 13. gxf5 {[%emt 0:02:52]} hxg5 {[%emt 0:00:03]} 14. f6 {[%emt 0:00:02]} Bxf6 {[%emt 0:02:45]} 15. exf6 {[%emt 0:00:03]} e5 {[%emt 0:00:36]} 16. dxe5 {[%emt 0:00:03]} Qe6 {[%emt 0:00:53]} 17. Qxg5 {[%emt 0:00:44]} c6 {[%emt 0:01:50]} 18. Nd4 {[%emt 0:01:45]} Qh3 {[%emt 0:00:01]} 19. Nce2 {[%emt 0:01:06]} c5 {[%emt 0:00:23]} 20. Nf4 {[%emt 0:00:07]} Qh7 {[%emt 0:00:10]} 21. Nb3 {[%emt 0:00:19]} c4 {[%emt 0:00:10]} 22. Nd4 {[%emt 0:00:14]} Bh3 {[%emt 0:00:10]} 23. Rfe1 {[%emt 0:00:22]} Rfe8 {[%emt 0:00:32]} 1-0

[Event "GER-ch Rapid Women 2020"]
[Site "Plochingen"]
[Date "2020.09.19"]
[Round "4.6"]
[White "Voicu-Jagodzinsky, Carmen"]
[Black "Skibbe, Diana"]
[Result "1-0"]
[WhiteElo "2247"]
[BlackElo "1991"]
[Annotator "ChessBase"]
[PlyCount "21"]
[EventDate "2020.09.19"]
[EventType "swiss"]
[EventCountry "GER"]
[SourceTitle "playchess.com"]
[Source "ChessBase"]
[SourceQuality "1"]
[TimeControl "900+10"]

1. e4 {[%emt 0:00:00]} e5 {[%emt 0:00:00]} 2. Nf3 {[%emt 0:00:00]} Nf6 {[%emt 0:00:00]} 3. Nxe5 {[%emt 0:00:06]} d6 {[%emt 0:00:00]} 4. Nf3 {[%emt 0:00:01]} Nxe4 {[%emt 0:00:00]} 5. Nc3 {[%emt 0:00:01]} d5 {[%emt 0:00:21]} 6. Qe2 {[%emt 0:03:08]} Qe7 {[%emt 0:00:02]} 7. Nxd5 {[%emt 0:00:18]} Qc5 {[%emt 0:00:26]} 8. Qxe4+ {[%emt 0:00:16]} Be6 {[%emt 0:00:02]} 9. Nf4 {[%emt 0:00:39]} Qb6 {[%emt 0:01:02]} 10. Nxe6 {[%emt 0:00:31]} fxe6 {[%emt 0:00:02]} 11. Bc4 {[%emt 0:00:06]} 1-0

[Event "GER-ch Rapid Women 2020"]
[Site "Plochingen"]
[Date "2020.09.19"]
[Round "5.1"]
[White "Papp, Sarah"]
[Black "Paehtz, Elisabeth"]
[Result "0-1"]
[WhiteElo "2327"]
[BlackElo "2472"]
[Annotator "TA"]
[PlyCount "82"]
[EventDate "2020.09.19"]
[EventType "swiss"]
[EventCountry "GER"]
[SourceTitle "playchess.com"]
[Source "ChessBase"]
[SourceQuality "1"]

{[%evp 12,82,25,19,28,22,24,-12,0,0,0,11,36,19,32,16,31,32,26,8,26,8,17,13,41,36,46,0,0,-35,-21,-30,-21,-22,-26,-20,-17,-17,-28,-25,0,-29,-10,-27,0,-233,-208,-244,-264,-579,-576,-562,-438,-443,-435,-571,-564,-561,-561,-839,-814,-713,-664,-875,-785,-983,-966,-1028,-1015,-29996,-29997,-29997,-29998]} 1. e4 c5 2. Nf3 d6 3. d4 cxd4 4. Nxd4 Nf6 5. Nc3 a6 6. h3 Nc6 7. Be3 e5 {B90: Sicilian Najdorf: Unusual White 6th moves, 6 Be3 Ng4 and 6 Be3 e5.} 8. Nb3 Be6 9. Nd5 {[#] Threatens to win with Bb6.} Bxd5 {The position is equal.} ({Of course not} 9... Nxe4 $6 10. Bb6 $16) 10. exd5 Ne7 11. c4 Nf5 12. Bd2 g6 13. Bd3 e4 14. Qe2 Qe7 15. Bc2 Bg7 16. O-O O-O 17. Rfe1 {And now g4 would win.} Rfe8 18. Bc3 Rac8 19. Na5 Qc7 20. Qd2 e3 $36 {[%mdl 2048] Black has some pressure.} 21. fxe3 Ne4 22. Bxe4 $1 Bxc3 23. Qxc3 {Bxf5 is the strong threat.} Rxe4 24. Rad1 $1 Rce8 {[%cal Re4e3]} 25. Rd3 Qb6 26. c5 dxc5 27. Nc4 Qb5 28. Nd2 $2 {[#]} (28. b3 $11 {and White is okay.}) 28... Rd4 $1 $19 {[%cal Rd4d3][%mdl 512]} 29. exd4 (29. Rxd4 cxd4) 29... Rxe1+ 30. Kh2 $2 (30. Nf1 Qe8 31. Qd2) 30... cxd4 31. Rxd4 Nxd4 32. Qxd4 {[%mdl 4096] Endgame KQR-KQN} Qe8 33. Nf3 Qb8+ 34. d6 Re6 35. Qh4 Qxd6+ 36. Kg1 h5 37. Qg5 Qb6+ 38. Kh1 Qxb2 39. Qd8+ Kg7 40. Nd4 Qc1+ 41. Kh2 Qf4+ {Accuracy: White = 38%, Black = 85%.} 0-1